| 000 | 00417nam a2200157Ia 4500 | ||
|---|---|---|---|
| 008 | 230917s9999||||xx |||||||||||||| ||und|| | ||
| 040 |
_e85560 _aMAIN |
||
| 041 | _aEnglish | ||
| 082 | _a005.1 P483S | ||
| 100 | _aPfleeger, Shori Lawrence | ||
| 245 | 0 | _aSoftware engineering: Theory and practice | |
| 250 | _a2nd ed. | ||
| 260 |
_aSingapore _bPearson Education Asia _c2002 |
||
| 300 | _axvii, 659 p. | ||
| 942 | _cBK | ||
| 999 |
_c115128 _d115128 |
||